Economics (Record no. 11171)

MARC details
000 -LEADER
fixed length control field 00499nam a22002057a 4500
003 - CONTROL NUMBER IDENTIFIER
control field OSt
008 - FIXED-LENGTH DATA ELEMENTS--GENERAL INFORMATION
fixed length control field 220420b ||||| |||| 00| 0 eng d
020 ## - INTERNATIONAL STANDARD BOOK NUMBER
International Standard Book Number 978938953038
082 ## - DEWEY DECIMAL CLASSIFICATION NUMBER
Classification number 330 SAE
100 ## - MAIN ENTRY--PERSONAL NAME
Personal name SAMUELSON, Paul. A & Others
245 ## - TITLE STATEMENT
Title Economics
250 ## - EDITION STATEMENT
Edition statement 20th Special Edition
260 ## - PUBLICATION, DISTRIBUTION, ETC. (IMPRINT)
Place of publication, distribution, etc Chennai
Name of publisher, distributor, etc TMH
Date of publication, distribution, etc 2020
300 ## - PHYSICAL DESCRIPTION
Extent 945
650 ## - SUBJECT ADDED ENTRY--TOPICAL TERM
Topical term or geographic name as entry element Economics
700 ## - ADDED ENTRY--PERSONAL NAME
Personal name NORDHAUS, William. D
700 ## - ADDED ENTRY--PERSONAL NAME
Personal name Dr. CHAUDRURI, Sudip
700 ## - ADDED ENTRY--PERSONAL NAME
Personal name Dr. SEN, Anindya
942 ## - ADDED ENTRY ELEMENTS (KOHA)
Source of classification or shelving scheme Dewey Decimal Classification
Koha item type Text Books
Holdings
Withdrawn status Lost status Source of classification or shelving scheme Damaged status Not for loan Collection code Home library Current library Date acquired Source of acquisition Currency Cost, normal purchase price Bill Number Total Checkouts Full call number Acc. no. / Barcode Date last seen Actual Cost, discounted price Bill Date Koha item type
    Dewey Decimal Classification     B.A Economics PIET NCR College Library PIET NCR College Library 20/04/2022 Kirti Prakashan Indian Rup 825.00 IN107   330 SAE N2456 20/04/2022 561.00 18/04/2022 Text Books
    Dewey Decimal Classification     B.A Economics PIET NCR College Library PIET NCR College Library 20/04/2022 Kirti Prakashan Indian Rup 825.00 IN107   330 SAE N2457 20/04/2022 561.00 18/04/2022 Text Books

Design & Developed by: PIET Central Library
R70 Miles Stone Pattikalyana Samalkha Panipat 132102
mail ID :- [email protected], Phone No:- 0180-2569700 Ex.216